000 00574nam a22002417a 4500
999 _c310347
_d310347
001 24084
003 UA-OsUOA
005 20200109140444.0
007 ta
008 20040206b un ||||| |||| 00| 0 ukr d
040 _aUA-OsUOA
_bukr
_cUA-OsUOA
_dUA-OsUOA
041 _aukr
044 _aUA
080 _a32(091)(477)
090 _a32(091)(477)
_bД67
100 _aДонцов Д.
245 _aДух нашої давнини
260 _aДрогобич
_bВідродження
_c1991
300 _a342 с.
650 7 _2UDC
942 _cBK
_2udc
955 _a0